Luật hợp đồng Việt Nam : Bản án và bình luận bản án (Sách chuyên khảo)

Nội dung sách giới thiệu về xử lý hoa lợi, lợi tức khi hợp đồng vô hiệu, xử lý tài sản bổ sung hợp đồng vô hiệu, hợp đồng vô hiệu và vấn đề bồi thường thiệt hại, tịch thu tài sản hợp đồng vô hiệu......

Descrición completa

Gardado en:
Detalles Bibliográficos
Autor Principal: Đỗ, Văn Đại
Formato: Libro
Idioma:Undetermined
Publicado: Hà Nội Hồng Đức 2017
Những chủ đề:
Các nhãn: Engadir etiqueta
Sen Etiquetas, Sexa o primeiro en etiquetar este rexistro!
Thư viện lưu trữ: Trung tâm Học liệu Trường Đại học Cần Thơ
LEADER 01023nam a2200229Ia 4500
001 CTU_230647
008 210402s9999 xx 000 0 und d
020 |c 170000 
082 |a 346.59702 
082 |b Đ103/T.2 
100 |a Đỗ, Văn Đại 
245 0 |a Luật hợp đồng Việt Nam : 
245 0 |b Bản án và bình luận bản án (Sách chuyên khảo) 
245 0 |c Đỗ Văn Đại 
260 |a Hà Nội 
260 |b Hồng Đức 
260 |c 2017 
520 |a Nội dung sách giới thiệu về xử lý hoa lợi, lợi tức khi hợp đồng vô hiệu, xử lý tài sản bổ sung hợp đồng vô hiệu, hợp đồng vô hiệu và vấn đề bồi thường thiệt hại, tịch thu tài sản hợp đồng vô hiệu... 
650 |a Hợp đồng,Contracts 
650 |z Việt Nam,Vietnam 
910 |b dqhieu 
980 |a Trung tâm Học liệu Trường Đại học Cần Thơ